00957 a2200145 4500003000500000005001700005040000900022082001500031100002400046245005700070250001200127260003000139300001700169505062500186Nust20221026145605.0 cNust a621.31,BAU aTheodore Baumeister aMechanical Engineers Handbook /cTheodore Baumeister a6th Ed  aLondonbMcGraw-Hillc1958 axxiv,18-41p; aMathematical Tables (Page-1-2), Geometry and Mensuration (Page-2-11), Mechanics of Solids (Page-3-2),Thermal Properties of Bodies and Thermodynamics (Page-4-2), Mechanical Properties Of Materials (Page-5-2), General Properties of Materials (Pag6-3), Fuels (Page-7-2), Mechanism (Page-8-3), Sources of Energy (Page-9-3), Hoisting Machinery (Page-10-2), Automobiles (Page-11-2), Industrial Plants (Page-12-2), Foundry Practice and Equipment (Page-13-2), Pumps (Page-14-2), Electrical Engineering (Page-15-2), Instruments (Page-16-2), Industrial Economics and Managements (Page-17-2), Mechanical Refrigeration (Page-18-2).